000 00380pab a2200169 454500
008 180718b2005 xxu||||| |||| 00| 0 eng d
100 _aNair, V.K.G.
245 _aGender and community medicine
260 _c2005
300 _ap.22-23.
362 _aJul
650 _aMedical sciences
650 _aWomen
650 _aHealth services
773 _aYojana
909 _a65891
999 _c65891
_d65891